00610nam a2200229 a 4500001001300000003000900013005001700022008004100039020001000080082001500090100001300105245000900118260004100127300000800168500003500176505002400211650002200235902000800257942000700265952009500272999001300367nice12345678IN_TiNIC20260116011300.0050524s1949 lona grp 000 0 eng  ac10000a241.4bQUE aQuell, G aLove aLondonbAdam and Charles Blackc1949 a76p aincludes index and biblioraphy2 aIndex, Bibliography aLove-Christianity bSRS cBK 00104070aHMIbHMId2007-06-29g100.00l0o241.4 QUEp1750r2007-06-29w2026-01-16yARB c155d155